| 000 | 00506nam a22001817a 4500 | ||
|---|---|---|---|
| 005 | 20230110140510.0 | ||
| 008 | 221219b |||||||| |||| 00| 0 eng d | ||
| 020 | _a978-81-239-2289-8 | ||
| 041 | _aeng | ||
| 082 | _a615.1 KHA-T | ||
| 100 |
_aKHAR, ROOP .K, VYAS SP., AND OTHERS _97402 |
||
| 245 | _aTHE THEORY AND PRACTICE OF INDUSTRIAL PHARMACY | ||
| 250 | _a4th ed. | ||
| 260 |
_bCBS PUBLISHERS & DISTRIBUTORS _c2022 |
||
| 300 | _a1203;P. | ||
| 650 |
_aPHARMACY _xB.PHARMA _97083 |
||
| 942 | _cBK | ||
| 999 |
_c8127 _d8125 |
||